|
|
|
|
| LEADER |
00000nam0a2200000 4500 |
| 001 |
35402 |
| 005 |
20231101210312.0 |
| 010 |
|
|
|a 5247023722
|
| 035 |
|
|
|a (RuTPU)RU\TPU\book\35834
|
| 035 |
|
|
|a BOOK00002486
|
| 090 |
|
|
|a 35402
|
| 100 |
|
|
|a 20011210d1991 m y0rusy50 ca
|
| 101 |
0 |
|
|a rus
|
| 102 |
|
|
|a RU
|
| 105 |
|
|
|a a j 000zy
|
| 200 |
1 |
|
|a Тампонажные материалы и технология цементирования скважин
|e учебное пособие
|f А. И. Булатов
|
| 205 |
|
|
|a 4-е изд., перераб. и доп.
|
| 210 |
|
|
|a Москва
|c Недра
|d 1991
|
| 215 |
|
|
|a 335 с.
|c ил.
|
| 225 |
1 |
|
|a Среднетехническое образование
|
| 451 |
|
1 |
|0 (RuTPU)RU\TPU\book\35837
|t Тампонажные материалы и технология цементирования скважин
|o учебное пособие
|f А. И. Булатов
|e 3-е изд., перераб. и доп.
|c Москва
|n Недра
|d 1982
|p 296 с.
|a Булатов, Анатолий Иванович
|
| 606 |
|
|
|a Тампонажные материалы
|2 stltpush
|3 (RuTPU)RU\TPU\subj\58541
|9 76322
|
| 606 |
|
|
|a Цементирование скважин
|2 stltpush
|3 (RuTPU)RU\TPU\subj\18097
|9 43619
|
| 610 |
1 |
|
|a геология
|
| 610 |
1 |
|
|a скважины
|
| 610 |
1 |
|
|a нефть
|
| 610 |
1 |
|
|a газ
|
| 610 |
1 |
|
|a тампонаж
|
| 610 |
1 |
|
|a цемент тампонажный
|
| 610 |
1 |
|
|a растворы тампонажные
|
| 610 |
1 |
|
|a оборудование
|
| 610 |
1 |
|
|a свойства
|
| 610 |
1 |
|
|a учебные пособия
|
| 675 |
|
|
|a 622.245.42(075.32)
|v 3
|
| 700 |
|
1 |
|a Булатов
|b А. И.
|g Анатолий Иванович
|
| 801 |
|
0 |
|a RU
|b 63413507
|c 20011210
|g PSBO
|
| 801 |
|
2 |
|a RU
|b 63413507
|c 20230216
|g PSBO
|
| 900 |
|
|
|a Буровые растворы и тампонажные композиции
|
| 900 |
|
|
|a Современные составы буровых рабочих жидкостей
|
| 900 |
|
|
|a Заканчивание скважин
|
| 900 |
|
|
|a Буровые промывочные и тампонажные растворы
|
| 900 |
|
|
|a Бурение нефтяных и газовых скважин
|
| 942 |
|
|
|c BK
|